header

Asymmetric effects of the financial crisis (Record no. 92801)

MARC details
000 -LEADER
fixed length control field 01325nam a2200325Ia 4500
100 1# - MAIN ENTRY--AUTHOR NAME
Personal name Khramov, Vadim.
245 10 - TITLE STATEMENT
Title Asymmetric effects of the financial crisis
260 ## - PUBLICATION, DISTRIBUTION, ETC. (IMPRINT)
Place of publication [Washington, D.C.] :
Name of publisher International Monetary Fund,
Year of publication 2012.
300 ## - PHYSICAL DESCRIPTION
Number of Pages 27 p.
490 0# - SERIES STATEMENT
Series statement IMF working paper ;
650 #0 - SUBJECT ADDED ENTRY--TOPICAL TERM
Topical Term Investments
Topical Term Cash flow
Topical Term Global Financial Crisis, 2008-2009.
856 40 - ELECTRONIC LOCATION AND ACCESS
Uniform Resource Identifier http://site.ebrary.com/lib/rucke/Doc?id=10566413

No items available.

© 2026 Rongo University
Contact us: librarian | system librarian | Rongo university